[Event "Challenge"]
[Site "http://www.queenalice.com/game.php?id=650437"]
[Date "2009.9.11"]
[Round "-"]
[White "ag2301"]
[Black "jupar"]
[Result "0-1"]
[WhiteElo "1294"]
[BlackElo "1929"]

1. d4 d5 2. c4 e6 3. c5 c6 4. Nf3 Nf6 5. Bg5 Be7 6. e3 Nbd7 7. Bxf6 Nxf6 8. h3
O-O 9. Ne5 Nd7 10. Bd3 Re8 11. Qh5 g6 12. Qh6 Bf8 13. Qf4 Qf6 14. Qg4 Nxe5 0-1

[Event "Challenge"]
[Site "http://www.queenalice.com/game.php?id=650816"]
[Date "2009.9.11"]
[Round "-"]
[White "ag2301"]
[Black "Nikita"]
[Result "0-1"]
[WhiteElo "1453"]
[BlackElo "1608"]

1. d4 d5 2. c4 dxc4 3. Qa4+ Bd7 4. Qxc4 Be6 5. Qc3 Nc6 6. e3 Nf6 7. Nd2 g6 8.
Bb5 Qd5 9. Bxc6+ bxc6 10. Ngf3 Bh6 11. Ne5 Qxg2 12. Rf1 Bd7 13. Qc4 Be6 0-1

[Event "Challenge"]
[Site "http://www.queenalice.com/game.php?id=650825"]
[Date "2009.9.11"]
[Round "-"]
[White "ag2301"]
[Black "ichabod"]
[Result "0-1"]
[WhiteElo "1500"]
[BlackElo "1382"]

1. d4 d5 2. c4 c6 3. c5 Qa5+ 4. Bd2 Qb5 5. Nc3 Qxb2 6. Nf3 b5 7. cxb6 axb6 8. e3
Bf5 9. Rb1 Bxb1 10. Nxb1 Rxa2 11. Bc3 Qxf2# 0-1

[Event "Challenge"]
[Site "http://www.queenalice.com/game.php?id=650887"]
[Date "2009.9.12"]
[Round "-"]
[White "ag2301"]
[Black "eli87"]
[Result "0-1"]
[WhiteElo "1317"]
[BlackElo "1532"]

1. d4 Nf6 2. Nf3 g6 3. h3 Bg7 4. Nc3 O-O 5. e4 d6 6. Bf4 c6 7. Bd3 Nbd7 8. O-O
e5 9. dxe5 dxe5 10. Nxe5 Nh5 11. Qd2 Nxe5 0-1

[Event "Let's Play Chess!"]
[Site "http://www.queenalice.com/game.php?id=650893"]
[Date "2009.9.12"]
[Round "-"]
[White "ag2301"]
[Black "montelo"]
[Result "0-1"]
[WhiteElo "1294"]
[BlackElo "2016"]

1. d4 c6 2. c4 e5 3. e4 Nf6 4. Bd3 exd4 5. Bg5 Qa5+ 6. Nd2 Qxg5 7. Qf3 Bb4 8.
O-O-O Na6 9. a3 Bxd2+ 10. Rxd2 Nc5 11. Nh3 Qe5 12. Kc2 a5 13. Nf4 Nfxe4 14. Re2
f5 15. Qh5+ g6 16. Qh6 Qf6 17. Ra1 Nxd3 18. Kxd3 b6 0-1

[Event "AUTO-INT-1445"]
[Site "http://www.queenalice.com/game.php?id=651207"]
[Date "2009.9.12"]
[Round "1"]
[White "ag2301"]
[Black "Aristoteles"]
[Result "0-1"]
[WhiteElo "1294"]
[BlackElo "1621"]

1. d4 d5 2. c4 e6 3. c5 Nf6 4. Bg5 Be7 5. e3 O-O 6. Qc2 h6 7. Bxf6 Bxf6 8. Nc3
Nc6 9. Bd3 Kh8 10. Nf3 Nb4 11. Qd2 Nxd3+ 0-1

[Event "Challenge"]
[Site "http://www.queenalice.com/game.php?id=652065"]
[Date "2009.9.14"]
[Round "-"]
[White "ag2301"]
[Black "Mr_SPOCK"]
[Result "0-1"]
[WhiteElo "1498"]
[BlackElo "1581"]

1. d4 d5 2. c4 e6 3. a3 Nf6 4. Nc3 dxc4 5. Qa4+ c6 6. Qxc4 b5 7. Qd3 Ba6 8. b4
Bd6 9. Bg5 O-O 10. e4 Be7 11. Bxf6 Bxf6 12. Nf3 Nd7 13. e5 Bg5 14. Ne4 Bh6 15.
h4 Nb6 16. g4 Bf4 17. g5 Nc4 18. Qc2 Bd2+ 19. Nexd2 Nxd2 20. Nxd2 Qxd4 21. Nb3
Qxe5+ 22. Be2 c5 23. Kd2 c4 24. Nc5 Rad8+ 25. Ke1 c3 26. Rh3 Rd2 27. Qb3 Qxe2#
0-1

[Event "Challenge"]
[Site "http://www.queenalice.com/game.php?id=652067"]
[Date "2009.9.14"]
[Round "-"]
[White "ag2301"]
[Black "Nassho"]
[Result "0-1"]
[WhiteElo "1290"]
[BlackElo "1273"]

1. d4 e6 2. e4 Bb4+ 3. Bd2 Nf6 4. Bxb4 Nxe4 5. Qf3 Nd6 6. Bxd6 cxd6 7. Nc3 Qg5
8. Nh3 Qh6 9. Be2 d5 10. O-O Nc6 11. Rad1 Nb4 12. Bd3 d6 0-1

[Event "Challenge"]
[Site "http://www.queenalice.com/game.php?id=652069"]
[Date "2009.9.14"]
[Round "-"]
[White "ag2301"]
[Black "alterego"]
[Result "0-1"]
[WhiteElo "1242"]
[BlackElo "1827"]

1. d4 Nf6 2. c4 g6 3. Nc3 Bg7 4. Nf3 O-O 5. e4 d6 6. Bg5 Na6 7. Qd2 c5 8. d5 Bg4
9. Be2 e5 10. dxe6 Bxe6 11. Bh6 Nb4 12. O-O d5 13. exd5 Bf5 14. Bxg7 Kxg7 15. a3
Nc2 16. Rac1 Nd4 17. Nxd4 cxd4 18. Nb5 Ne4 0-1

[Event "Challenge"]
[Site "http://www.queenalice.com/game.php?id=652072"]
[Date "2009.9.14"]
[Round "-"]
[White "pedroingles"]
[Black "ag2301"]
[Result "1-0"]
[WhiteElo "1650"]
[BlackElo "1270"]

1. c4 c5 2. Nc3 d6 3. e4 Nc6 4. Nf3 Bg4 5. h3 Bh5 6. Be2 Nf6 7. O-O e6 8. b3 Ne5
9. Nxe5 dxe5 10. Bxh5 g6 11. Bf3 Bd6 12. Bb2 Nd7 13. d3 1-0

[Event "Challenge"]
[Site "http://www.queenalice.com/game.php?id=666096"]
[Date "2009.10.12"]
[Round "-"]
[White "Cleide"]
[Black "ag2301"]
[Result "0-1"]
[WhiteElo "1216"]
[BlackElo "1474"]

1. e3 e5 2. d4 e4 3. a3 d5 4. c4 c6 5. Nc3 Bf5 6. Be2 Nf6 7. f3 Nbd7 8. g4 Bg6
9. g5 Nh5 10. f4 h6 11. Bxh5 hxg5 12. Bxg6 fxg6 13. cxd5 cxd5 14. Nxd5 Qa5+ 15.
Nc3 gxf4 16. exf4 Be7 17. Be3 Bh4+ 18. Bf2 Bxf2+ 19. Kxf2 Qf5 20. Qe2 Qxf4+ 21.
Nf3 Nf6 22. Rag1 O-O 23. Rxg6 exf3 24. Qe6+ Kh7 25. Rhg1 Qxh2+ 26. Kxf3 Ng4+ 27.
Kxg4 Rf4+ 28. Kg5 Qh4# 0-1